[Event "16th VR Bank Open"]
[Site "Apolda GER"]
[Date "2007.08.25"]
[Round "5"]
[White "Witt,Ron"]
[Black "Middelhoff,C"]
[Result "1/2-1/2"]
[WhiteElo "2040"]
[BlackElo "2176"]

1.e4 e5 2.Nf3 Nc6 3.Bb5 a6 4.Ba4 Nf6 5.O-O b5 6.Bb3 Bb7 7.Re1 Bc5 8.c3 d6
9.d4 Bb6 10.Bg5 h6 11.Bh4 Qe7 12.d5 Nb8 13.Nbd2 Nbd7 14.Nf1 g5 15.Bg3 Nxe4
16.Rxe4 f5 17.Re1 f4 18.Nd4 O-O 19.Qd3 fxg3 20.Nxg3 Qh7 21.Qxh7+ Kxh7 22.Ndf5 Nf6
23.Rad1 h5 24.Bc2 Kh8 25.Ne3 Bxe3 26.fxe3 Bxd5 27.Nxh5 Be6 28.Nxf6 Rxf6 29.Rf1 Raf8
30.Rxf6 Rxf6 31.a3 Kg7 32.Rf1 Bc4 33.Rf2 c5 34.g3 a5 35.Rxf6 Kxf6 36.Kf2 b4
37.axb4 cxb4 38.cxb4 axb4 39.h4 gxh4 40.gxh4 Bb5 41.Kg3  1/2-1/2

[Event "Dato Arthur Tan Malaysian Op"]
[Site "Kuala Lumpur MAS"]
[Date "2007.08.25"]
[Round "9"]
[White "Tirto"]
[Black "Khairul,A"]
[Result "1/2-1/2"]
[WhiteElo "2418"]
[BlackElo "2316"]

1.e4 e5 2.Nf3 Nc6 3.Bb5 a6 4.Ba4 Nf6 5.O-O b5 6.Bb3 Bb7 7.c3 Nxe4 8.d4 Na5
9.Bc2 exd4 10.Re1 d5 11.b4 Nc4 12.Qxd4 Qf6 13.Bxe4 Qxd4 14.Bxd5+ Kd7 15.Nxd4 Bxd5
16.a4 bxa4 17.Rxa4 Bd6 18.Na3 Rhe8 19.Rd1 g6 20.Nxc4 Bxc4 21.Ra1 f6 22.Be3 f5
23.g3 Rf8 24.Rd2 Rfe8 25.Nc2 Kc6 26.Ra5 Re5 27.Ra1  1/2-1/2

[Event "Masters"]
[Site "Trieste ITA"]
[Date "2007.09.04"]
[Round "5"]
[White "Riondino,M"]
[Black "Pavasovic,D"]
[Result "0-1"]
[WhiteElo "1991"]
[BlackElo "2584"]

1.e4 e5 2.Nf3 Nc6 3.Bb5 a6 4.Ba4 Nf6 5.O-O b5 6.Bb3 Bb7 7.c3 Nxe4 8.d4 d5
9.dxe5 Na5 10.Bc2 Be7 11.Nbd2 O-O 12.Qe2 f5 13.Nd4 Qc8 14.b4 Nc4 15.N2b3 Nxc3
16.Qd3 Ne4 17.e6 Bxb4 18.Qh3 Ncd6 19.Bf4 c5 20.Bxe4 cxd4 21.Bxd6 Bxd6 22.Bxf5 g6
23.e7 Rxf5  0-1

[Event "17th ch-EU U16 Girls"]
[Site "Sibenik CRO"]
[Date "2007.09.17"]
[Round "4"]
[White "Paulauskaite,G"]
[Black "Ozturk,K"]
[Result "0-1"]
[WhiteElo "2015"]
[BlackElo "2153"]

1.e4 e5 2.Nf3 Nc6 3.Bb5 a6 4.Ba4 Nf6 5.O-O b5 6.Bb3 Bb7 7.Re1 Bc5 8.c3 d6
9.d4 Bb6 10.Bg5 h6 11.Bh4 g5 12.Bg3 O-O 13.dxe5 Nxe5 14.Bc2 Nxf3+ 15.Qxf3 Qe7
16.Nd2 Nd7 17.Qh5 Kg7 18.Nb3 Rae8 19.Nd4 f5 20.e5 Bxd4 21.cxd4 Qe6 22.Bb3 d5
23.f4 Qg6 24.Qxg6+ Kxg6 25.a4 b4 26.Rec1 Rc8 27.a5 Nb8 28.Ba4 gxf4 29.Bxf4 c5
30.Rxc5 Rxc5 31.dxc5 Nc6 32.Bb3 Nd4 33.Bd1 Rc8 34.Ra4 Ne6 35.Rxb4 Nxf4 36.Rxb7 Rxc5
37.g3 Nd3 38.h4 Nxe5  0-1

[Event "17th ch-EU U16 Girls"]
[Site "Sibenik CRO"]
[Date "2007.09.19"]
[Round "6"]
[White "Agrest,I"]
[Black "Ozturk,K"]
[Result "0-1"]
[WhiteElo "2085"]
[BlackElo "2153"]

1.e4 e5 2.Nf3 Nc6 3.Bb5 a6 4.Ba4 Nf6 5.O-O b5 6.Bb3 Bb7 7.d3 h6 8.c3 Be7
9.Re1 O-O 10.Nbd2 d6 11.Nf1 Na5 12.Bc2 c5 13.Ng3 Qd7 14.Nf5 Rfe8 15.N3h4 Bf8
16.Qf3 Qe6 17.g4 g6 18.Qg2 Kh7 19.Ne3 d5 20.f3 d4 21.Nd1 Rad8 22.Nf2 Be7
23.Qh3 Ng8 24.cxd4 cxd4 25.Bd2 Rc8 26.Bd1 b4 27.Ng2 g5 28.Nh1 Bc6 29.Ng3 Bb5
30.Be2 Rc2 31.Bc1 Rec8 32.Nf5 Bd8 33.Qg3 R8c5 34.h4 f6 35.f4 Qc6 36.fxg5 Rxc1
37.gxh6 Rxa1 38.Rxa1 Rc1+ 39.Rxc1 Qxc1+ 40.Kh2 Nc6 41.g5 fxg5 42.Qf3 gxh4
43.Nge3 Bg5 44.Qh5 Bf4+ 45.Kg2 h3+ 46.Qxh3 dxe3 47.Qg4 Bxh6 48.Nxh6 Nxh6
49.Qd7+ Kh8 50.Qc8+ Kg7 51.Qd7+ Nf7 52.Qg4+ Kf8 53.Qc8+ Nfd8 54.Qf5+ Ke7
55.Qg5+ Kd6 56.Qf6+ Kc7  0-1

[Event "16th Monarch Assurance"]
[Site "Port Erin IOM"]
[Date "2007.09.28"]
[Round "7"]
[White "Waters,M"]
[Black "Prosviriakov,V"]
[Result "1/2-1/2"]
[WhiteElo "2096"]
[BlackElo "2319"]

1.e4 e5 2.Nf3 Nc6 3.Bb5 a6 4.Ba4 Nf6 5.O-O b5 6.Bb3 Bb7 7.d3 Be7 8.c3 O-O
9.Qe2 h6 10.Rd1 d5 11.exd5 Nxd5 12.Nxe5 Nxe5 13.Qxe5 Qd7 14.Qg3 Bd6 15.Qh4 Rae8
16.Bxd5 Bxd5 17.Nd2 Re6 18.Nf1 Rg6 19.Ne3 Bb7 20.d4 f5 21.Qh3 Qf7 22.f3 f4
23.Ng4 Qd5 24.Rf1 Re8 25.Qh4 Re2 26.Rf2 Rxf2 27.Qxf2 h5 28.Ne5 Bxe5 29.dxe5 Qxf3
30.Qxf3 Bxf3 31.Kf2 Bd5 32.g3 f3 33.h4 b4 34.Bd2 bxc3 35.Bxc3 Kf7 36.Rd1 Ke6
37.a3 c5 38.Re1 Kf5 39.e6 Rxe6  1/2-1/2

[Event "3rd Arctic Cup"]
[Site "Salekhard RUS"]
[Date "2007.10.16"]
[Round "9"]
[White "Borate,S"]
[Black "Salnikov,P"]
[Result "0-1"]
[WhiteElo "1918"]
[BlackElo "2146"]

1.e4 e5 2.Nf3 Nc6 3.Bb5 a6 4.Ba4 Nf6 5.O-O b5 6.Bb3 Bb7 7.c3 Nxe4 8.d4 exd4
9.Re1 d5 10.Nxd4 Nxd4 11.Qxd4 c5 12.Qe5+ Qe7 13.Qf4 c4 14.Bc2 Qe6 15.f3 Bd6
16.Qh4 Be7 17.Qh5 Nf6 18.Qh4 Ne4 19.Qh5 Ng3 20.Rxe6 Nxh5 21.Re5 Nf6 22.Bg5 Kd8
23.Nd2 h6 24.Bh4 Re8 25.Rae1 Bc5+ 26.Kf1 Rxe5 27.Rxe5 g5 28.Rf5 Ke7 29.Bg3 Bc8
30.Re5+ Be6 31.Ke1 Nh5 32.Nf1 Bd6 33.Re2 Nf4 34.Bxf4 Bxf4 35.g3 Bc7 36.Ne3 Kf6
37.Ng4+ Kg7 38.Rd2 Rd8 39.Ne3 Ba5 40.Nf5+ Bxf5 41.Bxf5 b4 42.Rc2 bxc3 43.bxc3 d4
44.Kd1 Bxc3 45.Re2 Rb8 46.Kc1 Kf6 47.g4 d3 48.Rf2 Bd4 49.Rf1 Be3+ 50.Kd1 Rb1+  0-1

[Event "Open A"]
[Site "Arco di Trento ITA"]
[Date "2007.10.28"]
[Round "9"]
[White "Vuelban,V"]
[Black "Prakken,G"]
[Result "1-0"]
[WhiteElo "2410"]
[BlackElo "2217"]

1.e4 e5 2.Nf3 Nc6 3.Bb5 a6 4.Ba4 Nf6 5.O-O b5 6.Bb3 Bb7 7.Re1 Bc5 8.c3 d6
9.d4 Bb6 10.Be3 O-O 11.d5 Ne7 12.Nbd2 Bxe3 13.Rxe3 c6 14.dxc6 Bxc6 15.a4 Ng6
16.Bc2 Qb6 17.h3 Nf4 18.b4 h6 19.Qe1 Rfe8 20.c4 Qc7 21.Rc3 Qd7 22.cxb5 axb5
23.a5 Qb7 24.Rc1 Rec8 25.Bb3 Bd7 26.Kh2 g5 27.Ng1 Ne6 28.Qe3 Nd4 29.f3 Kf8
30.Ne2 Nxe2 31.Qxe2 Ke7 32.Nf1 h5 33.Ng3 Be6 34.Bxe6 fxe6 35.Rxc8 Rxc8 36.Rxc8 Qxc8
37.Qxb5 Qd7 38.Qxd7+ Nxd7 39.Nf1 g4 40.hxg4 hxg4 41.fxg4 Nb8 42.Kg1  1-0

[Event "6th North Am FIDE Inv"]
[Site "Chicago USA"]
[Date "2007.10.31"]
[Round "5"]
[White "Andrews,T"]
[Black "Muhammad,St"]
[Result "1-0"]
[WhiteElo "2304"]
[BlackElo "2384"]

1.e4 e5 2.Nf3 Nc6 3.Bb5 a6 4.Ba4 Nf6 5.O-O b5 6.Bb3 Bb7 7.Re1 Bc5 8.c3 d6
9.d4 Bb6 10.a4 h6 11.Na3 O-O 12.h3 exd4 13.cxd4 Na5 14.Bc2 b4 15.Nb1 Re8
16.Nbd2 c5 17.d5 c4 18.Nf1 Qc7 19.Bd2 Bc5 20.Ng3 Bc8 21.Nh4 Bd4 22.Bc1 Qc5
23.Be3 Bxe3 24.Rxe3 Re5 25.Nf3 Re8 26.Nd4 Bd7 27.Rc1 Rac8 28.Ngf5 Re5 29.Rg3 Bxf5
30.Nxf5 Rxf5 31.exf5 Qxd5 32.Qxd5 Nxd5 33.Rd1 Rc5 34.f6 b3 35.Bb1 g6 36.Rf3 Nc6
37.Be4 Ncb4 38.Re1 Rc8 39.Rc1 Rc5 40.a5 c3 41.bxc3 Na2 42.Re1 Ndxc3 43.Bxg6 Kf8
44.Bh7 b2 45.Rfe3 Re5 46.Rxe5 dxe5 47.Rxe5 b1=Q+ 48.Bxb1 Nxb1 49.Rc5 Ke8
50.Rc6 Nd2 51.Rc2  1-0

[Event "ch-IND w"]
[Site "Pune IND"]
[Date "2007.11.07"]
[Round "3"]
[White "Kiran,M"]
[Black "Swathi,G"]
[Result "1-0"]
[WhiteElo "2263"]
[BlackElo "2316"]

1.e4 e5 2.Nf3 Nc6 3.Bb5 a6 4.Ba4 Nf6 5.O-O b5 6.Bb3 Bb7 7.c3 Nxe4 8.d4 Na5
9.Nxe5 Nxb3 10.Qxb3 Nd6 11.a4 Be7 12.Na3 O-O 13.Bf4 Rb8 14.axb5 axb5 15.Qd1 Bd5
16.Nc2 Nf5 17.Re1 d6 18.Nd3 Bb7 19.Ne3 Nh4 20.Bg3 Bg5 21.f4 Bf6 22.Nb4 Qd7
23.Qg4 Qxg4 24.Nxg4 Bd8 25.Bxh4 Bxh4 26.g3 Bd8 27.d5 c5 28.dxc6 Bb6+ 29.Nf2 Ba8
30.Nd5 Kh8 31.Rxa8 Bxf2+ 32.Kxf2 Rxa8 33.c7 g6 34.Nb6 Rac8 35.Re7 Kg7 36.Rd7 Kf6
37.Rxd6+ Ke7 38.Nxc8+ Rxc8 39.Rb6 Rxc7 40.Rxb5 Rc4  1-0

[Event "SPICE Cup"]
[Site "Lubbock USA"]
[Date "2007.11.10"]
[Round "2"]
[White "Schneider,Dm"]
[Black "Lugo,Bl"]
[Result "1-0"]
[WhiteElo "2502"]
[BlackElo "2411"]

1.e4 e5 2.Nf3 Nc6 3.Bb5 a6 4.Ba4 Nf6 5.O-O b5 6.Bb3 Bb7 7.d3 Bc5 8.a4 O-O
9.Nc3 Nd4 10.axb5 Nxb3 11.cxb3 axb5 12.Rxa8 Bxa8 13.Nxe5 b4 14.Na4 Be7 15.Nf3 d6
16.Nd4 Re8 17.Nf5 Bf8 18.Bg5 h6 19.Bf4 Kh7 20.Qd2 Qd7 21.f3 Bd5 22.Qxb4 Be6
23.Ng3 d5 24.Nc5 Qc6 25.Rc1 dxe4 26.dxe4 Nd7 27.Be3 Rb8 28.Nxd7 Qxc1+ 29.Bxc1 Bxb4
30.Nxb8  1-0

[Event "WYb14"]
[Site "Kemer TUR"]
[Date "2007.11.18"]
[Round "1"]
[White "Ochsner,B"]
[Black "Chan Wei Xuan,T"]
[Result "1/2-1/2"]
[WhiteElo "1879"]
[BlackElo "2231"]

1.e4 e5 2.Nf3 Nc6 3.Bb5 a6 4.Ba4 Nf6 5.O-O b5 6.Bb3 Bb7 7.Re1 Bc5 8.h3 h6
9.c3 d6 10.d4 Bb6 11.d5 Ne7 12.Nbd2 O-O 13.Nf1 Nd7 14.Ng3 f5 15.Nxf5 Nxf5
16.exf5 Rxf5 17.Qd3 Rf6 18.Bc2 Nf8 19.g4 c6 20.Rf1 cxd5 21.Bb3 Kh8 22.Bxd5 Qe7
23.Nd2 Ng6 24.Ne4 Nf4 25.Bxf4 Rxf4 26.Bxb7 Qxb7 27.Nxd6 Rd8 28.Qg6 Qf3 29.Nf7+ Rxf7
30.Qxb6 Rd3 31.Qb8+ Kh7 32.Qxe5 Rf4 33.g5 Rg4+ 34.hxg4 Qxg4+ 35.Kh1 Rh3+
36.Qh2 Rxh2+ 37.Kxh2 Qh4+ 38.Kg2 Qxg5+ 39.Kh2 Qf4+ 40.Kg2 Qd2 41.Rab1 Qd5+
42.f3 Qxa2 43.Rfe1 h5 44.Kg3 Kh6 45.b4 g5 46.f4 gxf4+ 47.Kxf4 Qd2+ 48.Kf5 Qf2+
49.Ke4 h4 50.Kd3 h3 51.Rh1 Kg5 52.Rbf1 Qg3+ 53.Kc2 Kh4 54.Rfg1 Qf2+ 55.Kb3 Qd2
56.Rd1 Qe2 57.Rdg1 Qf2 58.Rf1 Qg2 59.Rfg1 Qe2 60.Re1 Qg2  1/2-1/2

[Event "WYb14"]
[Site "Kemer TUR"]
[Date "2007.11.24"]
[Round "7"]
[White "Rzayev,B"]
[Black "Chan Wei Xuan,T"]
[Result "1-0"]
[WhiteElo "2125"]
[BlackElo "2231"]

1.e4 e5 2.Nf3 Nc6 3.Bb5 a6 4.Ba4 Nf6 5.O-O b5 6.Bb3 Bb7 7.c3 Be7 8.d4 d6
9.Nbd2 O-O 10.Re1 Re8 11.Ng5 Rf8 12.Nf1 h6 13.Nf3 Re8 14.Ng3 Bf8 15.a4 Na5
16.Bc2 c5 17.d5 c4 18.h3 g6 19.Be3 Qc7 20.Ra3 Reb8 21.Qd2 Kh7 22.Nh2 Bg7
23.f4 exf4 24.Bxf4 Nd7 25.Ng4 h5 26.Nxh5 gxh5 27.Bxd6 Qb6+ 28.Nf2 Kh8 29.Qf4 Kg8
30.Bc7 Qg6 31.Bxa5 Be5 32.Qf3 Bxd5 33.exd5 Qxc2 34.axb5 axb5 35.Bc7 Rxa3
36.Bxe5 Nxe5 37.Qg3+ Ng6 38.bxa3 Kg7 39.d6 Qf5 40.Qe3 Rd8 41.Ne4 Qe5 42.Qf2 h4
43.d7 Nf4 44.Qxh4 Rxd7 45.Qg4+  1-0

[Event "WYb14"]
[Site "Kemer TUR"]
[Date "2007.11.28"]
[Round "11"]
[White "Bures,J"]
[Black "Chan Wei Xuan,T"]
[Result "1-0"]
[WhiteElo "2156"]
[BlackElo "2231"]

1.e4 e5 2.Nf3 Nc6 3.Bb5 a6 4.Ba4 Nf6 5.O-O b5 6.Bb3 Bb7 7.Re1 Bc5 8.c3 d6
9.d4 Bb6 10.Bg5 h6 11.Bh4 Qd7 12.a4 O-O-O 13.axb5 axb5 14.Na3 g5 15.Bg3 Na5
16.Bc2 h5 17.h4 g4 18.Ng5 b4 19.Ba4 Qe7 20.cxb4 Nc6 21.Bxc6 Bxc6 22.d5 Bb7
23.Nc4 Bd4 24.Na5 Qe8 25.Qe2 Ba8 26.Rec1 Kd7 27.Qb5+ Ke7 28.Rxc7+ Rd7 29.Rxd7+ Qxd7
30.Nc6+ Bxc6 31.dxc6 Qc7 32.Qc4 Rf8 33.b5 Nd7 34.Rd1 Nb6 35.Qc1 f6 36.Nh7 Rf7
37.Qh6 Qa7 38.Rxd4 exd4 39.Ng5 Qa1+ 40.Kh2 Qa2 41.Nxf7 Qxf7 42.Qh8  1-0

[Event "60th ch-RUS Superfinal"]
[Site "Moscow RUS"]
[Date "2007.12.29"]
[Round "10"]
[White "Inarkiev,E"]
[Black "Tomashevsky,E"]
[Result "1-0"]
[WhiteElo "2674"]
[BlackElo "2646"]

1.e4 e5 2.Nf3 Nc6 3.Bb5 a6 4.Ba4 Nf6 5.O-O b5 6.Bb3 Bb7 7.d3 Be7 8.Nc3 O-O
9.Bd2 d6 10.Ne2 Bc8 11.c3 Be6 12.Bxe6 fxe6 13.a4 Qd7 14.Ng3 Rab8 15.b4 Nd8
16.axb5 axb5 17.Ra6 Nf7 18.Qa1 d5 19.Be3 Ng4 20.Ba7 Ra8 21.h3 Nf6 22.Qa2 Rfc8
23.Ra1 c5 24.bxc5 Bxc5 25.Bxc5 Rxa6 26.Qxa6 Rxc5 27.exd5 Rxd5 28.c4 bxc4
29.dxc4 Rc5 30.Rb1 Rc8 31.Rb7 Qd1+ 32.Kh2 Qd6 33.Qa7 Qf8 34.Rc7 Rd8 35.Qb6 Re8
36.Ra7 e4 37.Nd2 Nd6 38.Ra6 Rd8 39.Qb3 Rb8 40.Rb6 Rc8 41.Qb4 Rd8 42.Rc6 h5
43.Qc5 h4 44.Ngf1 Qe7 45.Qe5 Qd7 46.Ra6 Kf8 47.Kg1 Ke7 48.Nb3 Nf7 49.Qa5 Qd1
50.Qb4+ Nd6 51.Ra1 Qe2 52.Ne3 Qb2 53.c5 Nc8 54.c6+ Kf7 55.Nc4 Qe2 56.Nd4 Qh5
57.Qb7+  1-0

[Event "Paul Keres Mem GMA"]
[Site "Tallinn EST"]
[Date "2008.01.12"]
[Round "9"]
[White "Klovans,J"]
[Black "Sulskis,S"]
[Result "1/2-1/2"]
[WhiteElo "2447"]
[BlackElo "2553"]

1.e4 e5 2.Nf3 Nc6 3.Bb5 a6 4.Ba4 Nf6 5.O-O b5 6.Bb3 Bb7 7.Nc3 Bc5 8.d3 O-O
9.Bg5 h6 10.Be3 d6 11.a3 Rb8 12.Ba2 Bc8 13.h3 Bb6 14.Bxb6 Rxb6 15.Re1 Ne7
16.d4 Ng6 17.b4 c6 18.dxe5 dxe5 19.Qxd8 Rxd8 20.Rad1 Bd7 21.Nd2 Ra8 22.Nb3 Be6
23.Na5 Nf8 24.Rd6 Rc8 25.Nd5 cxd5 26.Rxb6 Nxe4 27.Rxa6 Rxc2 28.Bb1 Rc3 29.Bxe4 dxe4
30.Rxe4 Ng6 31.Re3 Rc1+ 32.Kh2 Rc2 33.Kg3 Kh7 34.Nc6 f5 35.Kh2 f4 36.Re1 Bc8
37.Rb6 Rxf2 38.Kg1 Ra2 39.Nxe5 Nh4 40.Re4 Rxg2+ 41.Kh1 Rf2 42.Kg1 Rg2+ 43.Kh1 Rf2
44.Kg1  1/2-1/2

[Event "6th ch-PriFO Men"]
[Site "Kazan RUS"]
[Date "2008.01.25"]
[Round "3"]
[White "Alavkin,A"]
[Black "Amirkhanov,Ro"]
[Result "1/2-1/2"]
[WhiteElo "2429"]
[BlackElo "2291"]

1.e4 e5 2.Nf3 Nc6 3.Bb5 a6 4.Ba4 Nf6 5.O-O b5 6.Bb3 Bb7 7.Re1 Bc5 8.c3 d6
9.d4 Bb6 10.Be3 O-O 11.Nbd2 Nd7 12.Nf1 Ne7 13.Bg5 h6 14.Bh4 Qe8 15.Ng3 Kh8
16.Nf5 Ng8 17.Qd2 f6 18.Bg3 Qh5 19.Qe2 Rfe8 20.Qd3 Ne7 21.N3h4 Nxf5 22.Nxf5 Nf8
23.h4 Rad8 24.Bd1 Qf7 25.Bb3 Qh5 26.Bd1 Qf7 27.Bb3  1/2-1/2

[Event "13th HIT Open A"]
[Site "Nova Gorica SLO"]
[Date "2008.01.29"]
[Round "5"]
[White "Pavasovic,D"]
[Black "Lenic,L"]
[Result "1/2-1/2"]
[WhiteElo "2601"]
[BlackElo "2568"]

1.e4 e5 2.Nf3 Nc6 3.Bb5 a6 4.Ba4 Nf6 5.O-O b5 6.Bb3 Bb7 7.c3 Nxe4 8.d4 Na5
9.Nxe5 Nxb3 10.Qxb3 Nd6 11.c4 bxc4 12.Nxc4 Nxc4 13.Qxb7 Nd6  1/2-1/2

[Event "4th Open C Women"]
[Site "Moscow RUS"]
[Date "2008.02.07"]
[Round "6"]
[White "Fakhretdinova,M"]
[Black "Huda,Mary"]
[Result "1-0"]
[WhiteElo "2160"]
[BlackElo "2278"]

1.e4 e5 2.Nf3 Nc6 3.Bb5 a6 4.Ba4 Nf6 5.O-O b5 6.Bb3 Bb7 7.Re1 Bc5 8.c3 d6
9.d4 Bb6 10.d5 Ne7 11.Nbd2 O-O 12.Nf1 Nd7 13.Ng3 f5 14.exf5 Nxf5 15.Nxf5 Rxf5
16.Bc2 g6 17.Bxf5 gxf5 18.Bg5 Qf8 19.b3 f4 20.c4 bxc4 21.bxc4 Nc5 22.Bh4 Bc8
23.Nxe5 dxe5 24.Rxe5 Bf5 25.d6 c6 26.Qf3  1-0

[Event "60th ch-POL w"]
[Site "Krakow POL"]
[Date "2008.02.21"]
[Round "8"]
[White "Kulon,K"]
[Black "Zawadzka,J"]
[Result "1/2-1/2"]
[WhiteElo "2128"]
[BlackElo "2410"]

1.e4 e5 2.Nf3 Nc6 3.Bb5 a6 4.Ba4 Nf6 5.O-O b5 6.Bb3 Bb7 7.Re1 Bc5 8.c3 d6
9.d4 Bb6 10.a4 h6 11.axb5 axb5 12.Rxa8 Qxa8 13.Na3 O-O 14.h3 Na5 15.dxe5 dxe5
16.Bc2 Nxe4 17.Bxe4 Bxe4 18.Nxe5 Re8 19.Nd7 Qc6 20.Nxb6 Qxb6 21.Bf4 c5 22.Qd7 Qc6
23.Qxc6 Bxc6 24.Rxe8+ Bxe8 25.b4 Nb7 26.h4 f6 27.Kf1 Kf7 28.Ke2 Ke6 29.g4 Kd5
30.Be3 cxb4 31.cxb4 Nd8 32.f3 Nf7 33.Bc5 Bc6 34.Ke3 Nd8 35.Be7 Ne6 36.Nb1 Ke5
37.Nd2 f5 38.gxf5 Kxf5 39.Bd6 g5 40.hxg5 Nxg5 41.f4 Ne6 42.Nf1 Kg4 43.Nh2+ Kf5
44.Nf1  1/2-1/2

[Event "10th Rector Cup w"]
[Site "Kharkiv UKR"]
[Date "2008.03.01"]
[Round "5"]
[White "Borisova,E"]
[Black "Karlovich,A"]
[Result "1/2-1/2"]
[WhiteElo "2305"]
[BlackElo "2198"]

1.e4 e5 2.Nf3 Nc6 3.Bb5 a6 4.Ba4 Nf6 5.O-O b5 6.Bb3 Bb7 7.d4 Nxe4 8.dxe5 Nc5
9.Bd5 Be7 10.Nc3 O-O 11.Be3 d6 12.Bxc5 dxc5 13.Qe2 Qe8 14.Rad1 Rd8 15.Qe4 Ba8
16.Rfe1 Kh8 17.Qg4 b4 18.Nb1 Rxd5 19.Rxd5 Nd4 20.Rxd4 Bxf3 21.Qxf3 cxd4 22.Nd2 Qb5
23.Qd3 Qd5 24.b3 Kg8 25.Nc4 Rd8 26.h3 a5 27.f4 a4 28.f5 f6 29.e6 axb3 30.axb3 Ra8
31.Rf1 Ra2 32.Qd1 g6 33.Qb1 Ra6 34.g4 Qe4  1/2-1/2

[Event "10th Rector Cup w"]
[Site "Kharkiv UKR"]
[Date "2008.03.04"]
[Round "9"]
[White "Breslavska,G"]
[Black "Karlovich,A"]
[Result "0-1"]
[WhiteElo "2216"]
[BlackElo "2198"]

1.e4 e5 2.Nf3 Nc6 3.Bb5 a6 4.Ba4 Nf6 5.O-O b5 6.Bb3 Bb7 7.d4 Nxd4 8.Nxd4 exd4
9.c3 d3 10.Qxd3 d6 11.Nd2 Be7 12.f4 d5 13.e5 Bc5+ 14.Kh1 Ne4 15.Nf3 Nf2+
16.Rxf2 Bxf2 17.f5 Bc5 18.Bg5 Qc8 19.Rd1 O-O 20.f6 g6 21.Be3 d4 22.cxd4 Bxf3
23.gxf3 Rd8 24.d5 Bf8 25.e6 Bd6 26.Qe4 Re8 27.Bf4 Qd8 28.exf7+ Kxf7 29.Qd4 Qxf6
30.Bxd6 Qxd4 31.Rxd4 cxd6 32.Rf4+ Kg7 33.Kg2 Re2+ 34.Kg3 Rae8 35.h4 Rxb2
36.h5 Ree2 37.hxg6 Rg2+ 38.Kh4 hxg6 39.Re4 Rbe2 40.Rd4 Kh6 41.f4 Re3 42.Bd1 Rh2+
43.Kg4 Rhh3 44.f5 g5 45.f6 Kg6  0-1

[Event "TCh-BEL 2007-8"]
[Site "Belgium BEL"]
[Date "2008.03.06"]
[Round "11"]
[White "Dgebuadze,A"]
[Black "Wemmers,X"]
[Result "1-0"]
[WhiteElo "2512"]
[BlackElo "2387"]

1.e4 e5 2.Nf3 Nc6 3.Bb5 a6 4.Ba4 Nf6 5.O-O b5 6.Bb3 Bb7 7.d3 Bc5 8.Nc3 d6
9.a4 b4 10.Ne2 O-O 11.Ng3 Bc8 12.c3 Be6 13.h3 Rb8 14.Bc2 d5 15.Ng5 Bc8 16.d4 Be7
17.exd5 Qxd5 18.N3e4 g6 19.Bb3 Qd7 20.Nxf7 Rxf7 21.Ng5 Nd8 22.dxe5 Qxd1 23.Rxd1 bxc3
24.Rxd8+ Bxd8 25.Bxf7+ Kf8 26.bxc3 Ne4 27.Nxe4 Kxf7 28.Bg5 Bf5 29.Bxd8 Bxe4
30.Bxc7 Rc8 31.Ba5 Rc5 32.Re1 Rc4 33.e6+ Ke8 34.Bb4 a5 35.Bxa5 Rxa4 36.Bb4 Bc6
37.Kh2 Ra2 38.Kg3 Rd2 39.Re3 Rd5 40.h4 Rd2 41.Re5 Bd5 42.e7 Rd1 43.h5  1-0

[Event "10th WCh-University w"]
[Site "Novokuznetsk RUS"]
[Date "2008.03.10"]
[Round "9"]
[White "Pogonina,N"]
[Black "Mongontuul,B"]
[Result "1/2-1/2"]
[WhiteElo "2476"]
[BlackElo "2389"]

1.e4 e5 2.Nf3 Nc6 3.Bb5 a6 4.Ba4 Nf6 5.O-O b5 6.Bb3 Bb7 7.d3 Bc5 8.a4 O-O
9.Nc3 b4 10.Nd5 Nxd5 11.Bxd5 d6 12.a5 Rb8 13.Bg5 Ne7 14.Bb3 Kh8 15.Be3 Bxe3
16.fxe3 Ng6 17.Qe1 f5 18.exf5 Rxf5 19.Qg3 Qe7 20.e4 Nf4 21.Qe1 Rf6 22.g3 Nh3+
23.Kg2 Bc8 24.Qe3 Bg4 25.Nd2 Rbf8 26.Rxf6 Rxf6 27.Rf1 h5 28.Rxf6 Qxf6 29.Nf3 c5
30.Bc4 Qd8 31.Ng1 Nxg1 32.Qxg1 Bc8 33.Qf2 Kh7 34.Qf7 Kh6 35.h4 Qf6 36.Qxf6+ gxf6
37.Bf7 Bg4 38.Bd5 Bc8 39.Bc6 Kg7 40.Kf2 Kf8 41.Ke3 Ke7 42.c3 bxc3 43.bxc3 Kd8
44.d4 cxd4+ 45.cxd4 Ke7 46.Kd3 Kf8 47.Kc3 Ke7 48.Bd5 Kf8 49.Bc4 Kg7 50.Be2 Kh6
51.Kd3 Kg6 52.Ke3 Kh6 53.Kd3 Kg6 54.Kc4 Be6+ 55.Kc3 Bc8 56.Bd1 Bd7 57.Bb3 Bc8
58.Ba4 Kf7 59.Bd1  1/2-1/2

[Event "ch-UKR Girls u20"]
[Site "Odessa UKR"]
[Date "2008.03.14"]
[Round "10"]
[White "Stasenko,J"]
[Black "Huda,Mary"]
[Result "1/2-1/2"]
[WhiteElo "1961"]
[BlackElo "2278"]

1.e4 e5 2.Nf3 Nc6 3.Bb5 a6 4.Ba4 Nf6 5.O-O b5 6.Bb3 Bb7 7.c3 Be7 8.Re1 O-O
9.d4 d6 10.Nbd2 h6 11.Nf1 Re8 12.h3 Na5 13.Bc2 c5 14.d5 Nc4 15.Ng3 Bf8 16.Nf5 Kh7
17.g4 Ng8 18.g5 g6 19.gxh6 f6 20.Ng7 Bxg7 21.hxg7 Qd7 22.Kh2 Bc8 23.Ng1 Kxg7
24.a4 Ra7 25.b3 Nb6 26.Be3 Rb7 27.axb5 axb5 28.Qe2 f5 29.exf5 gxf5 30.c4 f4
31.Bxf4 Nf6 32.Bg5 Rh8 33.Bxf6+ Kxf6 34.Qf3+ Ke7 35.Qg3 Kd8 36.Qg5+ Qe7 37.Qxe7+ Rxe7
38.Bd3 Rf7 39.Ra2 Rf4 40.cxb5 Nxd5 41.Rd2 Rd4 42.Re4 Nf4 43.Rxd4 cxd4 44.Bf1 Kc7
45.Rc2+ Kb7 46.Rc6 Rh6 47.Rc1 Bd7 48.Kg3 Rg6+ 49.Kh2 d3 50.Nf3 Bxb5 51.Nd2 d5
52.Nf3 e4 53.Nd2 Bd7 54.b4 Nxh3 55.Bxh3 Rh6 56.Rc5 Bxh3 57.Kg3 Be6 58.Kf4 Rf6+
59.Ke3 Rh6 60.Kf4 Bf7 61.Ke3 Rb6 62.f3 exf3 63.Nxf3 Rxb4 64.Kxd3 Bg6+ 65.Kc3 Rf4
66.Nd4 Be4 67.Rb5+ Ka6 68.Rb2 Rf1 69.Ne6 Rc1+ 70.Kd4 Rc4+ 71.Ke5 Rc8 72.Nf4 Re8+
73.Kd4  1/2-1/2

[Event "KNSB TCh-NED 2007-8"]
[Site "Netherlands NED"]
[Date "2008.03.29"]
[Round "8"]
[White "De Vreugt,D"]
[Black "Van de Oudeweetering,A"]
[Result "1-0"]
[WhiteElo "2401"]
[BlackElo "2363"]

1.e4 e5 2.Nf3 Nc6 3.Bb5 a6 4.Ba4 Nf6 5.O-O b5 6.Bb3 Bb7 7.d3 Be7 8.Nc3 O-O
9.a3 d6 10.Re1 Qd7 11.Bd2 Nd4 12.Nxd4 exd4 13.Ne2 c5 14.Ng3 d5 15.e5 Ne8
16.c3 dxc3 17.bxc3 Nc7 18.d4 f6 19.exf6 Rxf6 20.Bg5 Re6 21.Bxe7 Qxe7 22.Rxe6 Nxe6
23.Qg4 Rf8 24.Re1 Rf6 25.Bc2 Qf7 26.dxc5 Bc6 27.Nf5 h5 28.Qe2 Nf4 29.Qe5 Re6
30.Qb8+ Be8 31.Rxe6 Qxe6 32.Ne3 Ne2+ 33.Kf1 Nxc3 34.Bf5 Qf7 35.Qe5 Bd7 36.Bxd7 Qxd7
37.Qxc3 d4 38.Qb3+ Kf8 39.Nd5 a5 40.Qf3+ Kg8 41.c6  1-0

[Event "FKB ch-USA Qualifier"]
[Site "Tulsa USA"]
[Date "2008.03.29"]
[Round "5"]
[White "Santarius,E"]
[Black "Lugo,Bl"]
[Result "1/2-1/2"]
[WhiteElo "2125"]
[BlackElo "2411"]

1.e4 e5 2.Nf3 Nc6 3.Bb5 a6 4.Ba4 Nf6 5.O-O b5 6.Bb3 Bb7 7.Re1 Bc5 8.c3 d6
9.d4 Bb6 10.Bg5 h6 11.Bh4 Qe7 12.a4 g5 13.axb5 axb5 14.Rxa8+ Bxa8 15.Bg3 h5
16.h4 g4 17.Ng5 Nd8  1/2-1/2

[Event "TCh-HUN 2007-8"]
[Site "Budapest HUN"]
[Date "2008.03.30"]
[Round "9"]
[White "Kubacsny,L"]
[Black "Lenic,L"]
[Result "0-1"]
[WhiteElo "2346"]
[BlackElo "2531"]

1.e4 e5 2.Nf3 Nc6 3.Bb5 a6 4.Ba4 Nf6 5.O-O b5 6.Bb3 Bb7 7.d3 Be7 8.c3 O-O
9.Nbd2 h6 10.Re1 Re8 11.Nf1 Bf8 12.Ne3 Na5 13.Bc2 c5 14.Nf5 d5 15.Qe2 c4
16.Ng3 Rc8 17.dxc4 Nxc4 18.a4 b4 19.cxb4 dxe4 20.Nxe4 Nxe4 21.Bxe4 Bxe4 22.Qxe4 Bxb4
23.Rf1 a5 24.b3 Nd6 25.Qd5 e4 26.Ne1 Qf6 27.Rb1 Qg6 28.Be3 Nf5 29.g3 Qh5
30.Qb5 Rb8 31.Qc4 Nxe3 32.fxe3 Rbc8 33.Qa6 Bxe1 34.Rbxe1 Rc2 35.h4 Qg4 36.Qd6 Qh3
37.Rf2 Rxf2 38.Kxf2 Qh2+ 39.Kf1 Re6  0-1

[Event "Gausdal Classics GMA"]
[Site "Gausdal NOR"]
[Date "2008.04.09"]
[Round "2"]
[White "Gopal,G"]
[Black "Kaidanov,G"]
[Result "1/2-1/2"]
[WhiteElo "2562"]
[BlackElo "2596"]

1.e4 e5 2.Nf3 Nc6 3.Bb5 a6 4.Ba4 Nf6 5.O-O b5 6.Bb3 Bb7 7.d3 Be7 8.Nc3 O-O
9.Bd2 d6 10.Ne2 d5 11.Ng3 dxe4 12.dxe4 Bd6 13.Re1 h6 14.a4 Re8 15.c3 Na5
16.Bc2 Nc4 17.Bc1 Bc5 18.Qe2 Ng4 19.Rf1 Nd6 20.h3 Nf6 21.Nh4 Nd5 22.Qg4 Nf6
23.Qe2 Nd5 24.Nhf5 Nf4 25.Qf3 Nxf5 26.Nxf5 Qg5 27.Be3 Bxe3 28.fxe3 Qxf5 29.exf5 Bxf3
30.Rxf3 Nh5 31.Be4 Rab8 32.Bc6 Red8 33.axb5 axb5 34.Ra5 Rd1+ 35.Rf1 Rxf1+
36.Kxf1 Ng3+ 37.Kf2 Nxf5 38.Ra7 b4 39.c4 Rd8 40.Ke2 Ng3+ 41.Kf3 Nf1 42.Bd5 c6
43.Bxf7+ Kf8 44.Be6 Nd2+ 45.Ke2 Ne4 46.Bd7 c5 47.Bc6 Rd2+ 48.Ke1 Rd3 49.Ke2 Rd2+
50.Ke1 Rd3 51.Ke2  1/2-1/2

[Event "V Magistral da Hebraica"]
[Site "Sao Paulo BRA"]
[Date "2008.04.10"]
[Round "5"]
[White "Diamant,A"]
[Black "Rodi,L"]
[Result "1-0"]
[WhiteElo "2407"]
[BlackElo "2340"]

1.e4 e5 2.Nf3 Nc6 3.Bb5 a6 4.Ba4 Nf6 5.O-O b5 6.Bb3 Bb7 7.d3 Bc5 8.a4 d6
9.Nc3 b4 10.Ne2 d5 11.exd5 Nxd5 12.a5 O-O 13.Ng3 Qd7 14.Bd2 Rad8 15.Re1 f6
16.Be3 Bxe3 17.fxe3 Kh8 18.Qd2 f5 19.Ba4 Qd6 20.e4 Qc5+ 21.Qf2 Qxf2+ 22.Kxf2 fxe4
23.Bxc6 Bxc6 24.dxe4 Nf6 25.h3 Kg8 26.Ke3 Rfe8 27.Red1 Rb8 28.Rd3 Nd7 29.b3 Nc5
30.Rdd1 Nb7 31.Rd3 Nc5 32.Rdd1 Re6 33.Re1 Nb7 34.Nf5 g6 35.Nh6+ Kg7 36.Ng4 Rbe8
37.Nf2 Nd6 38.Nd2 Rf8 39.Nd3 Bb5 40.Nxb4 c5 41.Nd5 Bc6 42.Nc7 Ref6 43.Nxa6 Bxe4
44.Nxe4 Nxe4 45.Nc7 Rc6 46.Kxe4 Rxc7 47.Kxe5 Rd8 48.Red1 Re7+ 49.Kf4 Rf8+
50.Kg3 Re2 51.a6 Rff2 52.Rg1 Rf8 53.Rge1 Rd2 54.a7 Ra8 55.Re7+ Kh6 56.Rb7 Rdd8
57.Re1 Rd6 58.Ree7 Ra6 59.Rxh7+ Kg5 60.Rhf7 Rf6 61.Rxf6 Kxf6 62.h4 Ke5 63.c3  1-0

[Event "Kaupthing Open"]
[Site "Differdange LUX"]
[Date "2008.05.11"]
[Round "2"]
[White "Papadopoulos,I"]
[Black "Stefansson,H"]
[Result "1/2-1/2"]
[WhiteElo "2471"]
[BlackElo "2583"]

1.e4 e5 2.Nf3 Nc6 3.Bb5 a6 4.Ba4 Nf6 5.O-O b5 6.Bb3 Bb7 7.d3 Be7 8.Re1 O-O
9.Nbd2 d6 10.a4 Nd7 11.c3 Nc5 12.Bc2 Nxa4 13.Bxa4 bxa4 14.Rxa4 Qd7 15.Nf1 Rfe8
16.d4 exd4  1/2-1/2